Loading...

The biology of the amphibia /

Bibliographic Details
Main Author: Noble G K
Format: Printed Book
Language:English
Published: Dower c1954.
Edition:4th ed.
LEADER 00356nam a2200121Ia 4500
008 130611s9999 xx 000 0 eng d
100 |a Noble G K  
245 |a The biology of the amphibia / 
250 |a 4th ed. 
260 |b Dower  |c c1954. 
942 |c BK 
999 |c 126558  |d 126558 
952 |0 0  |1 0  |4 0  |7 0  |9 139933  |a ZOO  |b ZOO  |c ST1  |d 2013-06-11  |l 0  |p ZOO35  |r 2013-06-11  |w 2013-06-11  |y BK